Brownfield housing strategy should be scrapped (Record no. 72287)

MARC details
000 -LEADER
fixed length control field 01226cam a2200217 4500
001 - CONTROL NUMBER
control field WB3910-13
008 - FIXED-LENGTH DATA ELEMENTS--GENERAL INFORMATION
fixed length control field 030311n2003 000 0 eng u
035 ## - SYSTEM CONTROL NUMBER
System control number (Sirsi) u121602
245 ## - TITLE STATEMENT
Title Brownfield housing strategy should be scrapped
260 ## - PUBLICATION, DISTRIBUTION, ETC.
Date of publication, distribution, etc. 2003
490 ## - SERIES STATEMENT
Series statement Planning (for the Natural and Built Environment)
Volume/sequential designation 7 March 2003, 3(1)
520 ## - SUMMARY, ETC.
Summary, etc. "Green cities: and why we need them", a new report from the New Economics Foundation calls for the scrapping of the government target of 60% of housing on brownfield sites and argues that the government's support of high-density housing in urban areas is a planning disaster in the making and no solution for the housing shortfall in the long term. Planning strategies striving to protect greenfied sites fail to take account of counter-urbanisation trends in the UK. The report recommends a large-scale programme of recreating the countryside in cities. The report is available at http://www.neweconomics.org/uploadstore/pubs/Green%20Cities.pdf
590 ## - LOCAL NOTE (RLIN)
Local note WB
650 ## - SUBJECT ADDED ENTRY--TOPICAL TERM
Topical term or geographic name entry element BROWNFIELD SITES
650 ## - SUBJECT ADDED ENTRY--TOPICAL TERM
Topical term or geographic name entry element GREENFIELD SITES
650 ## - SUBJECT ADDED ENTRY--TOPICAL TERM
Topical term or geographic name entry element HIGH DENSITY HOUSING
650 ## - SUBJECT ADDED ENTRY--TOPICAL TERM
Topical term or geographic name entry element URBANISATION
650 ## - SUBJECT ADDED ENTRY--TOPICAL TERM
Topical term or geographic name entry element GREEN SPACE
690 ## - LOCAL SUBJECT ADDED ENTRY--TOPICAL TERM (OCLC, RLIN)
Topical term or geographic name as entry element HOUSING-DEVELOPMENT
942 ## - ADDED ENTRY ELEMENTS (KOHA)
Suppress in OPAC 0
Holdings
Withdrawn status Lost status Source of classification or shelving scheme Damaged status Not for loan Home library Current library Shelving location Date acquired Total Checkouts Full call number Barcode Date last seen Copy number Price effective from Koha item type
    Dewey Decimal Classification     London London News article 11/03/2003   WB3910-13 121602-1001 06/08/2019 1 06/08/2019 News article